Vida del Iltmo. señor Don Joaquín Larraín Gandarillas, Arzobispo titular de Anazarba

I tiakina i:
Ngā taipitopito rārangi puna kōrero
Kaituhi matua: Vergara Antúnez, Rodolfo (Author)
Hōputu: Pukapuka
Reo:Pāniora
I whakaputaina: Santiago Imprenta y Encuadernación Chile 1914
Putanga:1a. ed
Ngā marau:
Ngā Tūtohu: Tāpirihia he Tūtohu
Kāore He Tūtohu, Me noho koe te mea tuatahi ki te tūtohu i tēnei pūkete!

MARC

LEADER 00000nam a2200000 a 4500
001 UCJ4228
003 CL-VaPUC
008 070124e19140000CL |||||||||||||||||spa|d
082 0 4 |a 922  |b LAR  |2 21 
100 0 |a Vergara Antúnez, Rodolfo  |e author  |9 507474 
245 1 0 |a Vida del Iltmo. señor Don Joaquín Larraín Gandarillas, Arzobispo titular de Anazarba 
250 |a 1a. ed 
300 |a 280 p 
942 |c BK 
945 |d 20070124 00:00:00  |a rinostro 
260 |a Santiago  |b Imprenta y Encuadernación Chile  |c 1914 
500 |a Fotografía del Obispo Larraín Gandarillas.- El Padre Vergara Antúnez es el autor de la tradicional oración del mes de María que comienza con ­Oh María, durante el bello mes que os... 
600 0 7 |a SEMINARIO DE SANTIAGO  |2 CL-VaPUC  |9 507475 
600 0 7 |a UNIVERSIDAD CATOLICA DE CHILE  |2 CL-VaPUC  |9 440340 
650 7 |a BIOGRAFIA  |2 CL-VaPUC  |9 504622 
650 0 |a Iconografía   |9 267998 
650 7 |a OBISPOS CHILENOS  |2 CL-VaPUC  |9 507476 
650 7 |a PASTORAL  |2 CL-VaPUC  |9 397996 
650 0 |a Oratoria sagrada  |9 315619 
650 0 |a Universidades  |9 256317 
650 0 |a Iglesia y Estado  |9 254995 
650 7 |a LEYES LAICAS  |2 CL-VaPUC  |9 440345 
583 |a last modification  |c 20070124 00:00:00  |k Rodrigo Vera 
999 |c 320345  |d 320343 
952 |0 0  |1 0  |4 0  |6 922_000000000000000_LAR_1914  |7 0  |8 X  |9 398852  |a FDOBUD  |b FDOBUD  |d 2019-11-22  |i 1015567  |o 922 LAR 1914  |p 1015567  |r 2019-11-22  |w 2019-11-22  |y BK_X  |k BUD